NBA 1st Round Draft Picks (2010-2025) - Statistics

General Stats
  • This quiz has been taken 401 times
    340 since last reset
  • The average score is 212 of 480
Answer Stats
Year Pick Team College/Previous Team Position Answer % Correct
2010 1. WAS Kentucky (Fr.) PG John Wall
94%
2020 4. CHI Florida State (Fr.) SF Patrick Williams
90%
2024 10. UTA Colorado (Fr.) SG/SF Cody Williams
89%
2011 2. MIN Arizona (So.) SF/PF Derrick Williams
89%
2010 22. POR Memphis (So.) SG Elliot Williams
89%
2019 22. BOS Tennessee (Jr.) PF Grant Williams
89%
2022 12. OKC Santa Clara (Jr.) SG Jalen Williams
89%
2022 15. CHA Duke (So.) C Mark Williams
89%
2013 11. PHI Syracuse (So.) PG Michael Carter-Williams
89%
2018 27. BOS Texas A&M (So.) PF/C Robert Williams III
89%
2021 10. NOP (to MEM) Stanford (Fr.) SF Ziaire Williams
89%
2021 20. ATL Duke (Fr.) SF Jalen Johnson
88%
2019 29. SAS Kentucky (Fr.) SF Keldon Johnson
88%
2025 6. WAS Texas (Fr.) SG Tre Johnson
88%
2024 23. MIL Illawarra Hawks (Australia) SG AJ Johnson
87%
2016 25. LAC North Carolina (Sr.) PF Brice Johnson
87%
2019 11. MIN (to PHX) North Carolina (Sr.) SF Cameron Johnson
87%
2011 27. NJN (to BOS) Purdue (Sr.) PF JaJuan Johnson
87%
2021 21. NYK (to LAC) Tennessee (Fr.) SG Keon Johnson
87%
2015 8. DET Arizona (Fr.) SF Stanley Johnson
87%
2010 4. MIN Syracuse (Jr.) SF Wesley Johnson
87%
2023 4. HOU City Reapers (Overtime Elite) PG Amen Thompson
85%
2023 5. DET City Reapers (Overtime Elite) SF Ausar Thompson
85%
2017 9. DAL North Carolina State (Fr.) PG Dennis Smith Jr.
85%
2022 3. HOU Auburn (Fr.) PF Jabari Smith Jr.
85%
2020 10. PHX Maryland (So.) PF/C Jalen Smith
85%
2023 27. CHA Arkansas (Fr.) PG Nick Smith Jr.
85%
2011 21. POR Duke (Sr.) PG Nolan Smith
85%
2018 16. PHX (to PHI) Texas Tech (Fr.) SG Zhaire Smith
85%
2025 1. DAL Duke (Fr.) PF Cooper Flagg
84%
2011 11. GSW Washington State (Jr.) SG Klay Thompson
84%
2011 4. CLE Texas (Fr.) C/PF Tristan Thompson
84%
2021 2. HOU Ignite (NBA G League) SG Jalen Green
82%
2020 18. DAL Arizona (Fr.) SG Josh Green
82%
2020 3. CHA Illwarra Hawks (Australia) PG LaMelo Ball
82%
2019 17. BKN (to ATL) Virginia Tech (So.) SG Nickeil Alexander-Walker
82%
2021 22. LAL (to IND) Kentucky (Fr.) C/PF Isaiah Jackson
81%
2018 4. MEM Michigan State (Fr.) PF Jaren Jackson Jr.
81%
2017 4. PHX Kansas (Fr.) SF Josh Jackson
81%
2022 4. SAC Iowa (So.) PF Keegan Murray
81%
2023 23. POR Iowa (Jr.) PF Kris Murray
81%
2017 2. LAL UCLA (Fr.) PG Lonzo Ball
81%
2019 1. NOP Duke (Fr.) PF Zion Williamson
81%
2016 29. SAS Washington (Fr.) PG/SG Dejounte Murray
80%
2024 13. SAC Providence (Jr.) SG Devin Carter
80%
2016 7. DEN Kentucky (Fr.) PG Jamal Murray
80%
2014 17. BOS Kentucky (Fr.) SG/SF James Young
80%
2023 8. WAS (to IND) Houston (Fr.) PF Jarace Walker
80%
2016 3. BOS California (Fr.) SF Jaylen Brown
80%
2017 15. POR (to SAC) North Carolina (Jr.) SF Justin Jackson
80%
2011 9. CHA UConn (Jr.) PG Kemba Walker
80%
2023 30. LAC Missouri (Sr.) SF Kobe Brown
80%
2018 18. SAS Miami (FL) (Fr.) SG Lonnie Walker IV
80%
2011 24. OKC Boston College (Jr.) PG Reggie Jackson
80%
2018 5. DAL (to ATL) Oklahoma (Fr.) PG Trae Young
80%
2018 15. WAS Oregon (Fr.) SF Troy Brown Jr.
80%
2018 7. CHI Duke (Fr.) C Wendell Carter Jr.
80%
2020 1. MIN Georgia (Fr.) SG Anthony Edwards
79%
2023 1. SAS Metropolitans 92 (France) C Victor Wembanyama
79%
2012 1. NOH Kentucky (Fr.) PF/C Anthony Davis
78%
2021 1. DET Oklahoma State (Fr.) PG/SG Cade Cunningham
78%
2022 2. OKC Gonzaga (Fr.) PF/C Chet Holmgren
78%
2025 2. SAS Rutgers (Fr.) SG/PG Dylan Harper
78%
2010 13. TOR North Carolina (So.) PF Ed Davis
78%
2019 2. MEM Murray State (So.) PG Ja Morant
78%
2022 10. WAS Wisconsin (So.) SG Johnny Davis
78%
2019 7. CHI North Carolina (Fr.) PG Coby White
77%
2012 24. CLE (to DAL) Oregon State (Jr.) SG Jared Cunningham
77%
2022 1. ORL Duke (Fr.) PF Paolo Banchero
77%
2023 2. CHA Alabama (Fr.) SF Brandon Miller
76%
2018 1. PHX Arizona (Fr.) C Deandre Ayton
76%
2017 29. SAS Colorado (Sr.) PG/SG Derrick White
76%
2012 7. GSW North Carolina (So.) SF Harrison Barnes
76%
2018 3. ATL (to DAL) Real Madrid (Spain) PG Luka Doncic
76%
2012 16. HOU Iowa State (So.) PF Royce White
76%
2021 4. TOR Florida State (Fr.) PF/SF Scottie Barnes
76%
2017 3. BOS Duke (Fr.) SF Jayson Tatum
75%
2011 1. CLE Duke (Fr.) PG Kyrie Irving
74%
2018 10. PHI (to PHX) Villanova (Jr.) SF Mikal Bridges
74%
2018 12. LAC (to CHA) Michigan State (So.) SF Miles Bridges
74%
2018 11. CHA (to LAC) Kentucky (Fr.) SG/PG Shai Gilgeous-Alexander
74%
2024 2. WAS Perth Wildcats (Australia) C Alex Sarr
73%
2021 3. CLE USC (Fr.) PF/C Evan Mobley
73%
2023 16. UTA Baylor (Fr.) SG Keyonte George
73%
2024 24. NYK (to WAS) Miami (FL) (Fr.) SG Kyshawn George
73%
2010 10. IND Fresno State (So.) SF/SG Paul George
73%
2018 24. POR IMG Academy (USA) SG Anfernee Simons
72%
2016 1. PHI LSU (Fr.) PF/PG Ben Simmons
72%
2019 5. CLE Vanderbilt (Fr.) PG Darius Garland
72%
2021 9. SAC Baylor (Jr.) PG Davion Mitchell
72%
2017 13. DEN (to UTA) Louisville (So.) SG Donovan Mitchell
72%
2015 1. MIN Kentucky (Fr.) C Karl-Anthony Towns
72%
2019 3. NYK Duke (Fr.) SG/SF RJ Barrett
72%
2024 4. SAS UConn (Fr.) PG Stephon Castle
72%
2020 2. GSW Memphis (Fr.) C James Wiseman
71%
2016 30. GSW Vanderbilt (Jr.) C Damian Jones
70%
2024 26. WAS (to OKC) Weber State (Sr.) SF Dillon Jones
70%
2010 25. MEM South Florida (Jr.) SG Dominique Jones
70%
2021 8. ORL Michigan (So.) SF Franz Wagner
70%
2021 5. ORL Gonzaga (Fr.) PG/SG Jalen Suggs
70%
2021 19. NYK (to CHA) Texas (So.) C Kai Jones
70%
2018 25. LAL Michigan (Jr.) PF Moritz Wagner
70%
2012 28. OKC Baylor (So.) SF Perry Jones III
70%
2023 3. POR Ignite (NBA G League) PG Scoot Henderson
70%
2012 18. HOU Kentucky (So.) PF Terrence Jones
70%
2015 24. CLE (to MIN) Duke (Fr.) PG Tyus Jones
70%
2025 3. PHI Baylor (Fr.) SG VJ Edgecombe
70%
2023 6. ORL Arkansas (Fr.) PG/SG Anthony Black
69%
2014 3. PHI Kansas (Fr.) C Joel Embiid
69%
2018 2. SAC Duke (Fr.) PF Marvin Bagley III
69%
2024 1. ATL JL Bourg (France) SF Zaccharie Risacher
69%
2025 5. UTA Rutgers (Fr.) SF Ace Bailey
68%
2014 1. CLE Kansas (Fr.) SF Andrew Wiggins
68%
2019 4. LAL (to ATL) Virginia (So.) SF De'Andre Hunter
68%
2025 4. CHA Duke (Fr.) SF Kon Knueppel
68%
2015 28. BOS Georgia State (Jr.) SG RJ Hunter
68%
2020 12. SAC Iowa State (So.) PG Tyrese Haliburton
68%
2016 2. LAL Duke (Fr.) SF Brandon Ingram
66%
2017 5. SAC Kentucky (Fr.) PG De'Aaron Fox
66%
2024 3. HOU Kentucky (Fr.) SG Reed Sheppard
66%
2024 9. MEM Purdue (Sr.) C Zach Edey
66%
2023 26. IND Belmont (Sr.) SG Ben Sheppard
65%
2012 3. WAS Florida (Fr.) SG Bradley Beal
65%
2022 5. DET Purdue (So.) PG/SG Jaden Ivey
65%
2020 7. DET Ratiopharm Ulm (Germany) PG Killian Hayes
65%
2018 8. CLE Alabama (Fr.) SG/PG Collin Sexton
64%
2013 15. MIL Filathlitikos (Greece) PF Giannis Antetokounmpo
64%
2022 13. CHA (to DET) Memphis (Fr.) C Jalen Duren
64%
2019 8. ATL (to NOP) Texas (Fr.) C Jaxson Hayes
64%
2019 30. MIL (to CLE) USC (Fr.) SG Kevin Porter Jr.
64%
2017 1. PHI Washington (Fr.) PG/SG Markelle Fultz
64%
2018 14. DEN Missouri (Fr.) SF Michael Porter Jr.
64%
2013 3. WAS Georgetown (So.) SF Otto Porter Jr.
64%
2012 6. POR Weber State (Jr.) PG Damian Lillard
63%
2015 13. PHX Kentucky (Fr.) SG Devin Booker
63%
2021 7. GSW Ignite (NBA G League) SF Jonathan Kuminga
63%
2010 23. MIN Clemson (Sr.) PF Trevor Booker
63%
2013 1. CLE UNLV (Fr.) PF/SF Anthony Bennett
62%
2024 7. POR UConn (So.) C Donovan Clingan
61%
2014 4. ORL Arizona (Fr.) PF Aaron Gordon
60%
2025 7. NOP Oklahoma (Fr.) PG Jeremiah Fears
60%
2017 30. UTA (to LAL) Villanova (Sr.) SG Josh Hart
60%
2014 7. LAL Kentucky (Fr.) PF Julius Randle
60%
2023 10. DAL (to OKC) Kentucky (Fr.) PG Cason Wallace
59%
2020 9. WAS Maccabi Tel Aviv (Israel) SF Deni Avdija
59%
2010 2. PHI Ohio State (Jr.) SF/SG Evan Turner
59%
2015 4. NYK Baloncesto Sevilla (Spain) PF/C Kristaps Porzingis
59%
2015 11. IND Texas (Fr.) PF Myles Turner
59%
2020 8. NYK Dayton (So.) PF Obi Toppin
59%
2021 6. OKC Adelaide 36ers (Australia) PG/SG Josh Giddey
58%
2019 13. MIA Kentucky (Fr.) SG Tyler Herro
58%
2017 14. MIA Kentucky (Fr.) PF/C Bam Adebayo
57%
2020 15. ORL North Carolina (Fr.) PG Cole Anthony
57%
2015 2. LAL Ohio State (Fr.) PG D'Angelo Russell
57%
2021 29. PHX (to BKN) North Carolina (Fr.) C Day'Ron Sharpe
57%
2010 5. SAC Kentucky (Fr.) C DeMarcus Cousins
57%
2016 11. ORL (to OKC) Gonzaga (So.) C/PF Domantas Sabonis
57%
2018 21. UTA Duke (Sr.) SG Grayson Allen
57%
2017 22. BKN Texas (Fr.) C Jarrett Allen
57%
2011 15. IND (to SAS) San Diego State (So.) SF Kawhi Leonard
57%
2022 7. POR Kentucky (Fr.) SG Shaedon Sharpe
57%
2013 2. ORL Indiana (Jr.) SG Victor Oladipo
57%
2022 6. IND Arizona (So.) SG/SF Bennedict Mathurin
56%
2023 12. OKC (to DAL) Duke (Fr.) C Dereck Lively II
56%
2014 2. MIL Duke (Fr.) SF/PF Jabari Parker
56%
2018 13. LAC Boston College (Jr.) SG Jerome Robinson
56%
2024 12. OKC KK Crvena Zvezda (Serbia) PG Nikola Topic
56%
2024 8. SAS (to MIN) Kentucky (Fr.) PG/SG Rob Dillingham
56%
2012 5. SAC Kansas (Jr.) PF Thomas Robinson
56%
2013 10. POR Lehigh (Sr.) SG CJ McCollum
55%
2018 17. MIL Villanova (So.) SG Donte DiVincenzo
55%
2018 6. ORL Texas (Fr.) C Mo Bamba
55%
2021 16. OKC (to HOU) Besiktas (Turkey) C Alperen Sengün
54%
2025 13. ATL (to NOP) Maryland (Fr.) C Derik Queen
54%
2020 5. CLE Auburn (Fr.) SF Isaac Okoro
54%
2024 16. PHI Duke (Fr.) PG Jared McCain
54%
2012 11. POR Illinois (So.) C Meyers Leonard
54%
2024 5. DET Ignite (NBA G League) SF Ron Holland
54%
2020 11. SAS Florida State (So.) SG Devin Vassell
53%
2023 13. TOR Kansas (Fr.) SG Gradey Dick
53%
2020 21. PHI Kentucky (Fr.) PG Tyrese Maxey
53%
2020 14. BOS Vanderbilt (So.) SF Aaron Nesmith
52%
2022 8. NOP Ignite (NBA G League) PG/SG Dyson Daniels
52%
2011 5. TOR Lietuvos rytas Vilnius (Lithuania) C Jonas Valanciunas
52%
2016 5. MIN Providence (Jr.) PG Kris Dunn
52%
2017 7. MIN (to CHI) Arizona (Fr.) PF Lauri Markkanen
52%
2014 6. BOS Oklahoma State (So.) SG/PG Marcus Smart
52%
2024 28. DEN (to PHX) Virginia (So.) SF Ryan Dunn
52%
2012 9. DET UConn (Fr.) C Andre Drummond
51%
2023 19. GSW Santa Clara (So.) SG Brandin Podziemski
51%
2021 27. BKN LSU (Fr.) SG Cam Thomas
51%
2025 8. BKN BYU (Fr.) PG Egor Demin
51%
2011 30. CHI Marquette (Sr.) SF/SG Jimmy Butler
51%
2024 11. CHI Ignite (NBA G League) SF/PF Matas Buzelis
51%
2020 6. ATL USC (Fr.) PF Onyeka Okongwu
50%
2020 30. BOS (to MEM) TCU (Sr.) SG Desmond Bane
49%
2015 3. PHI Duke (Fr.) C Jahlil Okafor
49%
2017 19. ATL Wake Forest (So.) PF John Collins
49%
2017 10. SAC (to POR) Gonzaga (Fr.) C/PF Zach Collins
49%
2022 21. DEN Kansas (Jr.) SG Christian Braun
48%
2014 19. CHI (to DEN) Michigan State (So.) SG Gary Harris
48%
2023 18. MIA UCLA (Sr.) SF Jaime Jaquez Jr.
48%
2022 9. SAS Baylor (Fr.) PF Jeremy Sochan
48%
2023 11. ORL Michigan (Fr.) SF Jett Howard
48%
2019 28. GSW Michigan (So.) SG Jordan Poole
48%
2021 14. GSW Arkansas (Fr.) SG Moses Moody
48%
2020 26. BOS Oregon (Sr.) PG Payton Pritchard
48%
2013 27. DEN (to UTA) Cholet Basket (France) C Rudy Gobert
48%
2011 19. CHA (to MIL) Tennessee (Fr.) SF Tobias Harris
48%
2014 13. MIN UCLA (Fr.) SG Zach LaVine
48%
2018 23. IND UCLA (Jr.) PG Aaron Holiday
47%
2025 14. SAS Arizona (Fr.) SF Carter Bryant
47%
2020 28. LAL (to MIN) Washington (Fr.) SF Jaden McDaniels
47%
2016 27. TOR New Mexico State (So.) PF Pascal Siakam
47%
2024 15. MIA Indiana (So.) C Kel'el Ware
46%
2023 7. IND (to WAS) Metropolitans 92 (France) SF Bilal Coulibaly
45%
2019 21. OKC (to MEM) Gonzaga (Jr.) PF Brandon Clarke
45%
2010 9. UTA Butler (So.) SF Gordon Hayward
45%
2010 30. WAS Marquette (Sr.) SF Lazar Hayward
45%
2019 12. CHA Kentucky (So.) PF PJ Washington
45%
2022 29. MEM (to HOU) Kentucky (Fr.) PG TyTy Washington Jr.
45%
2016 6. NOP Oklahoma (Sr.) SG Buddy Hield
44%
2019 10. ATL Duke (Fr.) SF Cam Reddish
44%
2016 4. PHX Maccabi Tel Aviv (Israel) PF/C Dragan Bender
44%
2017 6. ORL Florida State (Fr.) SF/PF Jonathan Isaac
44%
2014 22. MEM UCLA (So.) SG Jordan Adams
44%
2018 9. NYK Kentucky (Fr.) SF Kevin Knox II
44%
2013 12. OKC Pittsburgh (Fr.) C Steven Adams
44%
2022 22. MEM (to UTA) Auburn (So.) C Walker Kessler
44%
2010 24. ATL Texas (Sr.) SF Damion James
43%
2025 22. ATL (to BKN) North Carolina (Fr.) SG Drake Powell
43%
2011 3. UTA Fenerbahce (Turkey) C Enes Kanter
43%
2020 25. OKC (to NYK) Kentucky (So.) SG Immanuel Quickley
43%
2019 6. PHX (to MIN) Texas Tech (So.) SG Jarrett Culver
43%
2025 25. ORL Michigan State SG Jase Richardson
43%
2025 10. HOU (to PHX) Duke (Fr.) C Khaman Maluach
43%
2016 22. CHA (to SAC) Syracuse (Fr.) SG Malachi Richardson
43%
2011 16. PHI USC (Jr.) C Nikola Vucevic
43%
2025 11. POR (to MEM) Washington State (Sr.) SF Cedric Coward
42%
2017 11. CHA Kentucky (Fr.) SG Malik Monk
42%
2022 16. ATL Duke (Fr.) SF AJ Griffin
41%
2024 17. LAL Tennessee (Sr.) SF Dalton Knecht
41%
2010 3. NJN Georgia Tech (Fr.) PF Derrick Favors
41%
2016 9. TOR Utah (So.) C Jakob Poeltl
41%
2017 23. TOR Indiana (So.) SF OG Anunoby
41%
2025 16. MEM (to POR) Qingdao Eagles (China) C Yang Hansen
41%
2025 9. TOR South Carolina (So.) PF Collin Murray-Boyles
40%
2025 27. BKN Michigan (Jr.) PF Danny Wolf
40%
2015 9. CHA Wisconsin (Sr.) PF Frank Kaminsky
40%
2013 21. UTA (to MIN) Louisville (Jr.) C Gorgui Dieng
40%
2020 16. POR (to DET) Washington (Fr.) PF/C Isaiah Stewart
40%
2013 8. DET Georgia (So.) SG Kentavious Caldwell-Pope
40%
2012 2. CHA Kentucky (Fr.) SF Michael Kidd-Gilchrist
40%
2022 30. OKC (to DEN) UCLA (Fr.) SF Peyton Watson
40%
2019 9. WAS Gonzaga (Jr.) PF Rui Hachimura
40%
2024 14. POR (to WAS) Pittsburgh (Fr.) SG Bub Carrington
39%
2013 4. CHA Indiana (So.) C/PF Cody Zeller
39%
2014 5. UTA Australian Institute of Sport (Australia) PG/SG Danté Exum
39%
2017 27. BKN (to LAL) Utah (Jr.) PF Kyle Kuzma
39%
2011 25. BOS (to NJN) Providence (Sr.) SG MarShon Brooks
39%
2021 17. MEM (to NOP) Virginia (Jr.) SF Trey Murphy III
39%
2012 17. DAL (to CLE) North Carolina (Sr.) C Tyler Zeller
39%
2013 5. PHX Maryland (So.) C Alex Len
38%
2015 7. DEN Guangdong Southern Tigers (China) PG Emmanuel Mudiay
38%
2017 8. NYK SIG Strasbourg (France) PG Frank Ntilikina
38%
2013 6. NOP (to PHI) Kentucky (Fr.) C Nerlens Noel
38%
2022 11. NYK (to OKC) New Zealand Breakers (Australia) SF Ousmane Dieng
38%
2025 18. WAS (to UTA) Florida (Sr.) PG Walter Clayton Jr.
38%
2013 17. ATL Phantoms Braunschweig (Germany) PG Dennis Schröder
37%
2014 16. CHI (to DEN) Cedevita Zagreb (Croatia) C Jusuf Nurkic
37%
2025 12. CHI Ratiopharm Ulm (Germany) PF Noa Essengue
37%
2021 18. OKC Florida (So.) PG Tre Mann
37%
2019 24. PHI (to PHX) Virginia (Jr.) PG Ty Jerome
37%
2021 15. WAS Gonzaga (Sr.) SF Corey Kispert
36%
2014 10. PHI (to ORL) Louisiana (Jr.) PG Elfrid Payton
36%
2020 13. NOP Alabama (So.) PG Kira Lewis Jr.
36%
2017 17. MIL Michigan (Jr.) PF/SF DJ Wilson
35%
2025 28. BOS Real Madrid (Spain) SF Hugo González
35%
2013 13. DAL (to BOS) Gonzaga (Jr.) C Kelly Olynyk
35%
2025 19. BKN Saint-Quentin (France) PG Nolan Traoré
35%
2022 17. HOU LSU (So.) PF Tari Eason
35%
2024 6. CHA Cholet Basket (France) SF Tidjane Salaün
35%
2024 21. NOP Baylor (Fr.) C Yves Missi
35%
2012 4. CLE Syracuse (So.) SG Dion Waiters
34%
2015 10. MIA Duke (Fr.) SF Justise Winslow
34%
2017 12. DET Duke (So.) SG Luke Kennard
34%
2022 27. MIA Mega Mozzart (Serbia) SF Nikola Jovic
34%
2024 27. MIN Illinois (Sr.) SG Terrence Shannon Jr.
34%
2025 15. OKC Georgetown (Fr.) C Thomas Sorber
34%
2024 29. UTA USC (Fr.) PG Isaiah Collier
33%
2013 22. BKN Duke (Sr.) C Mason Plumlee
33%
2012 26. IND Duke (Sr.) C Miles Plumlee
33%
2015 22. CHI Arkansas (So.) PF Bobby Portis
32%
2014 25. HOU Élan Chalon (France) C Clint Capela
32%
2015 19. WAS (to NYK) Notre Dame (Sr.) PG Jerian Grant
32%
2018 19. ATL Maryland (So.) SG Kevin Huerter
32%
2015 30. GSW UCLA (Fr.) PF Kevon Looney
32%
2023 9. UTA UCF (Fr.) PF Taylor Hendricks
32%
2010 7. DET Georgetown (So.) C Greg Monroe
31%
2023 17. LAL Indiana (Fr.) PG/SG Jalen Hood-Schifino
31%
2023 14. NOP UConn (So.) SG Jordan Hawkins
31%
2021 12. SAS Alabama (Fr.) SG Joshua Primo
31%
2015 16. BOS Louisville (So.) PG Terry Rozier
31%
2014 15. ATL Michigan State (Sr.) PF Adreian Payne
30%
2014 27. PHX Partizan Belgrade (Serbia) SG Bogdan Bogdanovic
30%
2023 28. UTA Ohio State (Fr.) SF Brice Sensabaugh
30%
2015 14. OKC Murray State (So.) PG Cameron Payne
30%
2014 12. ORL (to PHI) Cibona Zagreb (Croatia) PF Dario Saric
30%
2014 11. DEN (to CHI) Creighton (Sr.) SF Doug McDermott
30%
2021 11. CHA UConn (So.) SG James Bouknight
30%
2011 10. MIL (to SAC) BYU (Sr.) PG/SG Jimmer Fredette
30%
2021 25. LAC (to NYK) Houston (Jr.) SG Quentin Grimes
30%
2013 23. IND Arizona (Sr.) SF Solomon Hill
30%
2024 18. ORL Colorado (Sr.) PF Tristan da Silva
30%
2024 30. BOS Creighton (Sr.) SG/SF Baylor Scheierman
29%
2013 7. SAC Kansas (Fr.) SG Ben McLemore
29%
2023 20. HOU Villanova (Fr.) SF Cam Whitmore
29%
2010 20. SAS Oklahoma State (Jr.) SG James Anderson
29%
2015 25. MEM LSU (So.) PF Jarell Martin
29%
2015 21. DAL Virginia (Jr.) SF Justin Anderson
29%
2014 30. SAS UCLA (So.) SF Kyle Anderson
29%
2019 14. BOS Indiana (Fr.) SG Romeo Langford
29%
2010 8. LAC Wake Forest (So.) SF Al-Farouq Aminu
28%
2024 22. PHX (to DEN) Dayton (Jr.) PF DaRon Holmes II
28%
2024 19. TOR Baylor (Fr.) SG Ja'Kobe Walter
28%
2024 20. CLE California (Jr.) SF Jaylon Tyson
28%
2015 15. ATL (to WAS) Kansas (Fr.) SF Kelly Oubre Jr.
28%
2015 27. LAL Wyoming (Sr.) PF Larry Nance Jr.
28%
2016 19. DEN Florida State (Fr.) SG Malik Beasley
28%
2020 19. BKN (to DET) Villanova (So.) SF Saddiq Bey
28%
2016 10. MIL Orangeville Prep (Canada) PF Thon Maker
28%
2013 24. NYK Michigan (Jr.) SG Tim Hardaway Jr.
28%
2010 19. BOS Texas (Fr.) SG Avery Bradley
27%
2011 14. HOU Kansas (Jr.) PF Marcus Morris
27%
2011 13. PHX Kansas (Jr.) PF Markieff Morris
27%
2016 12. UTA (to ATL) Baylor (Sr.) SF Taurean Prince
27%
2017 28. LAL (to UTA) North Carolina (Fr.) PF/C Tony Bradley
27%
2015 12. UTA Kentucky (Fr.) PF Trey Lyles
27%
2015 6. SAC Kentucky (Jr.) PF Willie Cauley-Stein
27%
2025 23. NOP (to ATL) Georgia (Fr.) PF Asa Newell
26%
2025 20. MIA Illinois (Fr.) PG Kasparas Jakucionis
26%
2020 29. TOR San Diego State PG Malachi Flynn
26%
2023 21. BKN Alabama (Fr.) PF Noah Clowney
26%
2014 23. UTA Duke (So.) SG Rodney Hood
26%
2012 8. TOR Washington (So.) SG Terrence Ross
26%
2013 9. MIN (to UTA) Michigan (So.) PG Trey Burke
26%
2014 8. SAC Michigan (So.) SG Nik Stauskas
25%
2025 26. BKN Ratiopharm Ulm (Germany) SG Ben Saraf
24%
2011 8. DET Kentucky (Fr.) PG Brandon Knight
24%
2012 21. BOS Ohio State (So.) PF Jared Sullinger
24%
2023 29. IND (to DEN) Gonzaga (Jr.) SF Julian Strawther
24%
2012 13. PHX North Carolina (So.) PG Kendall Marshall
24%
2025 29. PHX (to CHA) UConn (Fr.) SF Liam McNeeley
24%
2023 25. MEM (to DET) Houston (Sr.) SG/PG Marcus Sasser
24%
2015 5. ORL FC Barcelona (Spain) SG/SF Mario Hezonja
24%
2014 9. CHA Indiana (Fr.) PF Noah Vonleh
24%
2024 25. NYK Ratiopharm Ulm (Germany) SF Pacome Dadiet
24%
2015 18. HOU Wisconsin (Jr.) SF Sam Dekker
24%
2025 21. UTA (to WAS) Illinois (Fr.) SF Will Riley
24%
2021 13. IND Oregon (Sr.) SG Chris Duarte
23%
2016 14. CHI Michigan State (Sr.) SG/SF Denzel Valentine
23%
2019 18. IND Mega Bemax (Serbia) C Goga Bitadze
23%
2012 29. CHI Kentucky (Fr.) PG Marquis Teague
23%
2015 23. POR (to BKN) Arizona (So.) SF Rondae Hollis-Jefferson
23%
2010 18. OKC Kentucky (Fr.) PG Eric Bledsoe
22%
2012 14. MIL North Carolina (Jr.) PF John Henson
22%
2011 22. DEN Morehead State (Sr.) PF Kenneth Faried
22%
2023 15. ATL Michigan (So.) SG Kobe Bufkin
22%
2011 23. HOU (to CHI) Real Madrid (Spain) PF Nikola Mirotic
22%
2011 28. CHI (to MIA) Cleveland State (Sr.) PG Norris Cole
22%
2022 18. CHI Arizona (So.) SG Dalen Terry
21%
2014 24. CHA (to MIA) UConn (Sr.) PG Shabazz Napier
21%
2020 22. DEN Arizona (Fr.) PF/C Zeke Nnaji
21%
2013 26. MIN (to OKC) Colorado (Jr.) SG/SF André Roberson
20%
2011 7. SAC (to CHA) Fuenlabrada (Spain) C Bismack Biyombo
20%
2022 25. SAS Notre Dame (Fr.) PG/SG Blake Wesley
20%
2017 26. POR Purdue (So.) PF Caleb Swanigan
20%
2019 16. ORL Auburn (So.) PF Chuma Okeke
20%
2025 17. MIN Cedevita Olimpija (Slovenia) C Joan Beringer
20%
2018 20. MIN Georgia Tech (So.) SG Josh Okogie
20%
2025 24. OKC (to SAC) Colorado State (Sr.) SG Nique Clifford
20%
2022 14. CLE Kansas (Sr.) SG Ochai Agbaji
20%
2020 20. MIA Memphis (Fr.) PF Precious Achiuwa
20%
2021 30. UTA (to MEM) Loyola (MD) (So.) PF/C Santi Aldama
20%
2020 17. MIN (to OKC) Olympiacos (Greece) SF/PF Aleksej Pokusevski
19%
2016 20. IND (to BKN) Michigan (Sr.) SG Caris LeVert
19%
2012 20. DEN Poitiers Basket (France) SG Evan Fournier
19%
2017 20. POR (to SAC) Duke (Fr.) PF/C Harry Giles
19%
2018 28. GSW Cincinnati (Jr.) SG Jacob Evans
19%
2011 6. WAS Partizan Belgrade (Serbia) PF Jan Vesely
19%
2022 20. SAS Ohio State (Fr.) SG Malaki Branham
19%
2019 20. BOS (to PHI) Washington (Sr.) SF Matisse Thybulle
19%
2022 28. GSW Milwaukee (Fr.) PG Patrick Baldwin Jr.
19%
2016 17. MEM Vanderbilt (So.) PG Wade Baldwin
19%
2022 26. DAL (to MIN) Duke (Jr.) SF Wendell Moore Jr.
19%
2021 26. DEN VCU (So.) SG/PG Bones Hyland
18%
2022 23. PHI (to MEM) Colorado State (Jr.) SF David Roddy
18%
2015 20. TOR Utah (Sr.) PG Delon Wright
18%
2010 6. GSW Baylor (Jr.) C Ekpe Udoh
18%
2022 19. MIN (to MEM) Wake Forest (Jr.) SF Jake LaRavia
18%
2016 15. DEN Movistar Estudiantes (Spain) SF/PF Juan Hernangómez
18%
2022 24. MIL Ignite (NBA G League) SG/SF MarJon Beauchamp
18%
2016 8. SAC (to PHX) Washington (Fr.) PF Marquese Chriss
18%
2020 24. MIL (to DEN) New Zealand Breakers (Australia) SG RJ Hampton
18%
2013 14. UTA (to MIN) UCLA (Fr.) SG/SF Shabazz Muhammad
18%
2014 14. PHX North Carolina State (So.) SF TJ Warren
18%
2025 30. LAC Penn State (Jr.) C Yanic Konan Niederhauser
18%
2016 16. BOS Rouen Métropole (France) PF Guerschon Yabusele
17%
2021 24. HOU Arizona State (Fr.) SG Josh Christopher
17%
2010 15. MIL VCU (Jr.) C Larry Sanders
17%
2017 18. IND UCLA (Fr.) PF TJ Leaf
17%
2011 12. UTA Colorado (So.) SG Alec Burks
16%
2012 10. NOH Duke (Fr.) SG Austin Rivers
16%
2023 22. BKN Duke (Fr.) SF Dariq Whitehead
16%
2011 17. NYK Georgia Tech (Jr.) SG Iman Shumpert
16%
2018 26. PHI Wichita State (So.) SG Landry Shamet
16%
2014 21. OKC Michigan (So.) PF Mitch McGary
16%
2023 24. SAC (to DAL) Marquette (Jr.) SF/PF Olivier Maxence-Prosper
16%
2018 30. ATL Villanova (Fr.) PF Omari Spellman
16%
2019 15. DET Limoges CSP (France) SF Sekou Doumbouya
16%
2010 12. MEM Kansas (Fr.) SG Xavier Henry
16%
2021 28. PHI Tennessee (Fr.) SG Jaden Springer
15%
2012 12. HOU UConn (So.) SG Jeremy Lamb
15%
2017 16. CHI (to MIN) Creighton (Fr.) C Justin Patton
14%
2019 25. POR North Carolina (Fr.) SF Nassir Little
14%
2011 29. SAS Texas (Fr.) PG Cory Joseph
13%
2019 23. UTA (to OKC) Princeton HS (USA) SF Darius Bazley
13%
2016 13. PHX (to SAC) Panathinaikos (Greece) C Georgios Papagiannis
13%
2019 19. SAS Olimpija Ljubljana (Slovenia) PF Luka Samanic
13%
2012 15. PHI St. John's (Fr.) SF Maurice Harkless
13%
2013 18. ATL (to DAL) Miami (FL) (So.) PG Shane Larkin
13%
2021 23. HOU Real Madrid (Spain) PF/C Usman Garuba
13%
2012 22. BOS Syracuse (So.) C Fab Melo
12%
2019 26. CLE Belmont (Sr.) SF Dylan Windler
11%
2016 18. DET Marquette (Fr.) PF Henry Ellenson
11%
2010 27. NJN Xavier (So.) SG Jordan Crawford
11%
2016 28. PHX (to SAC) Kentucky (Fr.) PF/C Skal Labissiere
11%
2014 20. TOR EC Pinheiro (Brazil) SF Bruno Caboclo
10%
2012 30. GSW Vanderbilt (Sr.) C Festus Ezeli
10%
2016 26. PHI Anadolu Efes (Turkey) SG/SF Furkan Korkmaz
10%
2012 23. ATL Vanderbilt (Jr.) SG John Jenkins
10%
2010 14. HOU Kentucky (Jr.) PF Patrick Patterson
10%
2013 20. CHI New Mexico (Jr.) SF Tony Snell
10%
2020 27. UTA Kansas (Sr.) C Udoka Azubuike
10%
2013 29. OKC (to PHX) Kentucky (Fr.) SG Archie Goodwin
9%
2018 22. CHI Boise State (Sr.) SF/SG Chandler Hutchinson
9%
2011 26. DAL (to DEN) Texas (So.) SG Jordan Hamilton
9%
2016 23. BOS KK Cibona (Croatia) C Ante Zizic
8%
2010 11. NOH Kansas (Jr.) C Cole Aldrich
8%
2020 23. NYK (to MIN) FC Barcelona (Spain) SF Leandro Bolmaro
8%
2018 29. BKN Cedevita Zagreb (Croatia) SF Dzanan Musa
7%
2019 27. BKN (to LAC) Florida State (So.) C Mfiondu Kabengele
7%
2016 24. PHI Mega Leks (France) SG/SF Timothé Luwawu-Cabarrot
7%
2014 18. PHX Syracuse (Fr.) PG Tyler Ennis
7%
2017 24. UTA (to DEN) Syracuse (So.) PF Tyler Lydon
7%
2010 29. ORL Kentucky (Fr.) C Daniel Orton
6%
2010 28. MEM Maryland (Sr.) PG Greivis Vásquez
6%
2017 21. OKC Adelaide 36ers (Australia) SG Terrance Ferguson
6%
2012 19. ORL St. Bonaventure (Sr.) PF Andrew Nicholson
5%
2016 21. ATL St. Joseph's (Jr.) SF DeAndre' Bembry
5%
2010 26. OKC Washington (Sr.) SF Quincy Pondexter
5%
2013 28. SAS ASVEL Basket (France) SF Livio Jean-Charles
4%
2010 16. MIN Nevada (So.) SF Luke Babbitt
4%
2013 25. LAC North Carolina (Jr.) SF Reggie Bullock
4%
2012 25. MEM Washington (Fr.) PG Tony Wroten
4%
2012 27. MIA (to PHI) Mississippi State (Jr.) PF Arnett Moultrie
3%
2011 18. WAS Florida State (Jr.) SF Chris Singleton
3%
2014 28. LAC Washington (Sr.) SG CJ Wilcox
3%
2011 20. MIN (to HOU) Benetton Treviso (Italy) PF Donatas Motiejunas
3%
2014 29. OKC Stanford (Sr.) SF/PF Josh Huestis
3%
2013 30. PHX (to GSW) Lietuvos Rytas (Lithuania) SG Nemanja Nedovic
3%
2014 26. MIA (to CHA) Texas Legends (NBA D-League) SG PJ Hairston
3%
2015 17. MIL UNLV (Fr.) SG Rashad Vaughn
3%
2017 25. ORL (to PHI) Herbalife Gran Canaria (Spain) C Anzejs Pasecniks
2%
2010 21. OKC Iowa State (Jr.) PF Craig Brackins
2%
2010 17. CHI Cholet Basket (France) PF Kevin Séraphin
2%
2013 16. BOS (to ATL) Estudiantes (Spain) C Lucas Nogueira
2%
2013 19. CLE Triumph Lyubertsy (Russia) SG/SF Sergey Karasev
2%
2015 29. BKN Syracuse (Fr.) PF Chris McCullough
1%
2015 26. SAS Partizan Belgrade (Serbia) C Nikola Milutinov
1%
No matching quizzes found
Score Distribution
Percent of People with Each Score
Percentile by Number Answered
Your Score History
You have not taken this quiz since the last reset